00724nam a2200181 a 4500003000200000005001700002008004100019050003200060100002800092245009500120260009300215300004100308504004100349650004800390650003600438650004000474650002800514020250220122651.0111115s19uu xx 00 eng d aPGS HM 621.C85b.Al385 2011 aAlfaro, Francis Don D.  aExtent of usage of sources of information and cultural awareness /cFrancis Don D. Alfaro. aLas Piñas City, Philippines : bSouthville International School and Colleges, c2011. a22 pages :billustrations ; c28 cm. aIncludes bibliographical references. aInformation behaviorvSociological aspects. aMedia literacyvSocial aspects. aCultural awarenessvSocial aspects. aMass media and culture.